004470000a220010900045001000019000002450113000193000051001327730039001839420008002229520090002309990017003201 aHeide, Gale Z.10aWhat is new about the new heaven and the new hearth? A theology of creation fron Revelation 21 and 2 Peter 3 aVol. 40, Num. 1 (Marzo, 1997), Páginas 37-560 tJournal of the Theological Society cANA 001040708HEMaFUSBCbFUSBCd2016-01-26l0o r2016-01-26 00:00:00w2016-01-26yANA c54536d54536